LEADER 01328nam--2200373---450- 001 990006027700203316 005 20150416115217.0 035 $a000602770 035 $aUSA01000602770 035 $a(ALEPH)000602770USA01 035 $a000602770 100 $a20150416d1995----km-y0itay50------ba 101 $aita 102 $aIT 105 $aa---||||001yy 200 1 $a<> inedito contributo alla storia della ceramica vietrese$eGennaro Tajano, un riggiolaro vietrese esecutore dei pavimenti delle chiese di S. Maria del Carmelo e del SS. Corpo di Cristo a Pagani$fAdriano Caffaro 210 $aAmalfi$cCentro di cultura e storia amalfitana$d1995 215 $aP. 275-287$cill.$d21 cm. 300 $aEstr. da: Rassegna del Centro di Cultura e Storia Amalfitana vol. 14, 7/8 (1994) 410 0$12001 454 1$12001 461 1$1001-------$12001 607 $aPagani$xChiesa del Santissimo Corpo di Cristo 607 $aPagani$xChiesa del Carminello 676 $a738.0922 700 1$aCAFFARO,$bAdriano$036166 801 0$aIT$bsalbc$gISBD 912 $a990006027700203316 951 $aXVII. Misc. 95$b3249 DBC$cXVII. Misc. 959 $aBK 969 $aCBC 979 $aRIVELLI$b90$c20150416$lUSA01$h1152 996 $aInedito contributo alla storia della ceramica vietrese$91077743 997 $aUNISA